000
00294nam a22001097a 4500
008
160504b xxu||||| |||| 00| 0 eng d
020
_a
0721612822
041
_a
eng
080
_a
612.39
245
_a
Applied nutrition and diet therapy:
_c
Grace Burtis; Judi Davis; Sandra Martin;
942
_2
udc
_c
BK
999
_c
1779
_d
1779